Quizzes
Events
Quiz Creation
Community
Videos
Private Events
Remove Ads
Sign In
Join for FREE
Feedback
Dark Mode
Quiz Categories
Sports
Geography
Music
Movies
Television
Just For Fun
Miscellaneous
History
Literature
Language
Science
Gaming
Entertainment
Religion
Holiday
For Kids
Quiz Lab
Recent
Popular Today
Quiz Kudos Today
Editor Picks
Curator Picks
Quizzes by...
Day
Popularity
Type
Ratings
Length
Year
Community
Subscriptions
Recent Discussions
Orange Saloon
Badges
Playlists
Quests
Create
Leaderboards
Showdown
Live 5
Trivia Bingo
Activity
Puzzle Library
Sporcle Events
Private Events
Virtual Trivia
Globe League
Become a Host
Pub Owners
SporcleCon
Opinionation
Our Games
Videos
Blog
Mobile Apps
Partnerships
Remove Ads and Go Orange
Feedback
Geography
Country
Landmarks
City
State
Population
World
Capital
Continent
Flags
Europe
Africa
Asia
South America
North America
Oceania
Border
Canada
United Kingdom
Topography
United States
Geography
Country
Landmarks
City
State
Population
World
Capital
Continent
Flags
Europe
Africa
Asia
South America
North America
Oceania
Border
Canada
United Kingdom
Topography
United States
Random Quiz
Search Sporcle
×
Quiz Lab
Quiz Lab
Geography
focus
Type in answers that appear in a list
Type in answers that appear in a list
Classic
Best Score? Go Orange.
Focus on Sweden: Geography Stats
Can you name the geograpical facts about Sweden?
By
caesaranton
5m
20 Questions
374 Plays
374 Plays
374 Plays
Comments
Comments
Give Quiz Kudos
Give Quiz Kudos
-
- Ratings
hide this ad
More Info
Replay
Link that replays current quiz
Next Quiz
Link to next quiz in quiz playlist
You Got
0%
They Got
Avg Score
65%
Avg Friend Score
Upgrade to see
Score Distribution
Jump to the score distribution portion of the page
Score
0/20
Timer
05:00
0
Plays Today
Question
Answer
% Correct
Capital (and Largest City)
Stockholm
99.2%
Most Populated Municipality
Stockholm Municipality, Stockholm County
99.2%
Most Populated County
Stockholm County
99.2%
Border
Norway
94.1%
Border
Finland
93.8%
Third Largest City
Malmö
91.7%
Second Largest City
Gothenburg
91.1%
Continent
Europe
87.4%
Least populated County
Gotland County
80.4%
Largest Island
Gotland
80.4%
Question
Answer
% Correct
Largest Lake
Lake Vänern
75.3%
Highest Mountain
Kebnekaise
63.2%
Number of Counties
21
57%
Largest County
Norrbotten County
44.6%
Largest Municipality
Kiruna Municipality, Norrbotten County
42.2%
Smallest County
Blekinge County
34.4%
Number of Municipalities
290
23.9%
Longest River
Torne River
20.4%
Smallest Municipality
Sundbyberg Municipality, Stockholm County
14%
Least Populated Municipality
Bjurholm Municipality, Västerbotten County
10.5%
Quiz Playlist
Details
Report
Send in Message
Add To Playlist
More Info:
What do you know about the geography of Sweden? Take this quiz to find out!
Classic:
Type in answers that appear in a list
Quiz Source
Last Updated: Feb 16, 2017
Quiz Scoreboard
CHALLENGE
Sign Up to Join the Scoreboard
Show All
Scores
Hide
Comments
May contain spoilers
Recently Published
Presidents Visiting Landmarks
by Hejman
History
7m
An Introduction to Baseball
by treessimontrees
Sports
5m
Movies - When Are They Set?
by FPL_Elf
Movies
5m
More to Explore
Quiz From the Vault
Featured Blog Post
Where Did the Easter Bunny Come From?
hide this ad
You Might Also Like...
Tags
focus
Sweden
Today's Top Quizzes in Geography
Browse Geography
hide this ad
Today's Top Quizzes in focus
Browse focus
Top Contributed Quizzes in Geography
1
Countries of the World - No Outlines Minefield
2
Top 25 Cities of France on a map
3
Any capital of a 'B' country per Continent
4
Closest Countries to UK A-Z
5
Any capital of a 'C' country per Continent
6
One Thing in Common: United Kingdom
7
Any capital of a 'D' country per Continent
8
Find the Provinces of Canada - No Outlines Minefield
9
5-to-1: US Geography No Hints
10
Any capital of an 'E' country per Continent
Explore More
Trending Topics
Disney
Marvel
Harry Potter
Kpop
Crossword
NBA
Anime
NFL
Puzzle
Pokémon
The Office
Country
Soccer
Song
WWE
hide this ad
More By:
caesaranton
Quiz
Plays
Rating
Category
Featured
Created
Five biggest Cities of the European Union
1,570
4.33
Geography
Jul 18, 2011
Focus on Sweden: Geography
374
3.33
Geography
Jul 22, 2011
Go to Creator's Profile
Score Distribution
Quiz Creator Spotlight
caesaranton
Follow
Send a Message
Quizzes Created
-
Created Quiz Play Count
-
More By This Creator
Popular Quizzes Today
1
Find the US States - No Outlines Minefield
2
Find the Countries of Europe - No Outlines Minefield
3
The Countries of the World
4
Find the US States
5
Popular People in 1961
6
US States
7
Risky Map Clicking: Biggest States A-Z
8
1-10 Letter E Words III
More Geography Quizzes
5 Answers to 1: Africa
Published
Trending Quizzes
Risky Map Clicking: Least Populous States A-Z
1-10 Letter G Words
1-10 Letter F Words
One Thing in Common: United Kingdom
Risky Map Clicking: Next State Alphabetically
Recently Updated
Leaping Animals
pecheneg
Reality TV Shows (A-Z)
bhenderson79
Rickey Henderson's Hall of Fame Teammates
pecheneg
Champions League XIs: Arsenal
pecheneg
Quick Pick: Celebrities in WWE's Hall of Fame
aduchscher
A-Z Keypad Blitz II
pecheneg
Multiple Oscar Actors
pecheneg
Mystery Phrase Blitz: Oscar 'Best Actors'
pecheneg
F. Scott Fitzgerald Novels
LTH
Pick 3 Villains
ddd62291
Trending Topics
Anime
Kpop
Disney
Marvel
NBA
Harry Potter
Crossword
WWE
Pokémon
The Office
Song
Country
NFL
Soccer
Puzzle
Your Account Isn't Verified!
In order to create a playlist on Sporcle, you need to verify the email address you used during registration. Go to your
Sporcle Settings
to finish the process.
Report this User
Report this user for behavior that violates our
Community Guidelines
.
Details:
Send Report
Go to the Sporcle.com Mobile Site →
Comments